| 000 | 00987nam a22001937a 4500 | ||
|---|---|---|---|
| 005 | 20140710143446.0 | ||
| 010 | _aBAC-HN24 | ||
| 020 |
_a9780143414728 _c299.00 |
||
| 035 | _aB-485107-127 | ||
| 037 | _bआकार | ||
| 100 | _aनायपॉल, वी.एस. | ||
| 245 |
_aद मिडिल पैसेज/ _c वी.एस. नायपॉल; सुमन बाजपेयी द्वारा अनुदित |
||
| 260 |
_aनई दिल्ली _bपेंगुइन बुक्स _c2013 |
||
| 270 |
_a11, कम्युनिटी सेंटर, पंचशील पार्क _bनई दिल्ली _e110017 |
||
| 300 |
_a254 पृ. _c22 सें.मी.(अजिल्द) |
||
| 700 |
_aपांडे, भावना _949538 |
||
| 942 |
_2ddc _cHN _mनायपॉ |
||
| 999 |
_c85388 _d85388 |
||